[Event "25th Open"]
[Site "Cappelle la Grande FRA"]
[Date "2009.02.28"]
[Round "1"]
[White "Wirig, A."]
[Black "Miroshnichenko, E."]
[Result "0-1"]
[WhiteElo "2464"]
[BlackElo "2667"]
[PlyCount "70"]
[EventDate "2009.02.28"]

1. d4 Nf6 2. c4 e6 3. Nc3 Bb4 4. e3 c5 5. Nge2 d5 6. a3 cxd4 7. axb4 dxc3 8.
Nxc3 O-O 9. cxd5 exd5 10. Be2 Be6 11. O-O Nc6 12. b5 Na5 13. Ra4 Qc7 14. Rd4
Rfd8 15. Bf3 Rac8 16. h3 Qe7 17. Bd2 b6 18. Be1 Nc4 19. Nxd5 Nxd5 20. Bxd5 Nxb2
21. Qb3 Rxd5 22. Rxd5 Bxd5 23. Qxd5 Qc5 24. Qb3 Nc4 25. Bc3 Nd6 26. Rd1 Qxb5
27. Qa3 Ne4 28. Qe7 Qe8 29. Bb4 a5 30. Qxe8+ Rxe8 31. Be7 b5 32. Rd5 Nc3 33.
Rc5 h6 34. Bh4 b4 35. Kf1 a4 0-1

[Event "25th Open"]
[Site "Cappelle la Grande FRA"]
[Date "2009.02.28"]
[Round "1"]
[White "Graf, A."]
[Black "Lushenkov, M."]
[Result "1-0"]
[WhiteElo "2643"]
[BlackElo "2462"]
[PlyCount "67"]
[EventDate "2009.02.28"]

1. d4 Nf6 2. c4 e6 3. Nc3 Bb4 4. e3 O-O 5. Nf3 d5 6. a3 Be7 7. b4 b6 8. cxd5
exd5 9. Be2 c5 10. dxc5 bxc5 11. bxc5 Bxc5 12. O-O Nc6 13. Qc2 Ne7 14. Bb2 Bf5
15. Bd3 Bxd3 16. Qxd3 Qa5 17. Nb5 Ne4 18. Be5 Rac8 19. Rfc1 Rfd8 20. h3 a6 21.
Nc3 Bd6 22. Nxe4 Rxc1+ 23. Rxc1 dxe4 24. Qxe4 Qxa3 25. Rd1 Bc7 26. Rxd8+ Bxd8
27. Bxg7 Qc1+ 28. Kh2 Qc6 29. Qd4 Bb6 30. Qa1 a5 31. Kg1 Qg6 32. Bc3 Nc6 33.
Qd1 Qe6 34. Ng5 1-0

[Event "25th Open"]
[Site "Cappelle la Grande FRA"]
[Date "2009.02.28"]
[Round "1"]
[White "Sanchez, Joseph"]
[Black "Baklan, V."]
[Result "1/2-1/2"]
[WhiteElo "2461"]
[BlackElo "2627"]
[PlyCount "82"]
[EventDate "2009.02.28"]

1. e4 c5 2. Nf3 d6 3. d4 cxd4 4. Qxd4 a6 5. Bc4 Nc6 6. Qd3 e6 7. Nc3 Qc7 8. Bb3
Nge7 9. Be3 Bd7 10. O-O-O Ng6 11. Nd4 Nge5 12. Qe2 Nxd4 13. Bxd4 Nc6 14. Be3
Be7 15. g4 b5 16. f4 Na5 17. Kb1 O-O 18. f5 b4 19. Na4 Bb5 20. Qd2 Nxb3 21.
axb3 Rfb8 22. f6 Bxf6 23. Qxd6 Rc8 24. Qxc7 Rxc7 25. Nb6 Rd8 26. Bf4 Rc6 27.
Nd7 Be7 28. Rd2 f6 29. Rhd1 Kf7 30. g5 e5 31. Be3 Ke6 32. gxf6 gxf6 33. Nb6
Rxd2 34. Rxd2 Rd6 35. Nd5 Rd7 36. c4 bxc3 37. bxc3 Rb7 38. Kc2 Be8 39. Nxe7
Rxe7 40. Bc5 Rd7 41. Rxd7 Bxd7 1/2-1/2

[Event "25th Open"]
[Site "Cappelle la Grande FRA"]
[Date "2009.02.28"]
[Round "1"]
[White "Kuzubov, Y."]
[Black "Markosian, D."]
[Result "1-0"]
[WhiteElo "2626"]
[BlackElo "2460"]
[PlyCount "129"]
[EventDate "2009.02.28"]

1. d4 Nf6 2. c4 g6 3. Nc3 Bg7 4. e4 d6 5. Nf3 O-O 6. h3 Na6 7. Bg5 e5 8. d5 Qe8
9. Be2 Nh5 10. g3 f5 11. exf5 gxf5 12. Nh4 Nf6 13. Qc2 e4 14. Qd2 Nd7 15. Bh6
Qe5 16. Ng2 Ndc5 17. Bxg7 Kxg7 18. O-O Bd7 19. Nd1 Nb8 20. Nf4 a5 21. Nh5+ Kh8
22. f4 Qe7 23. Qd4+ Kg8 24. g4 Be8 25. Ng3 fxg4 26. hxg4 Nba6 27. Ne3 Bd7 28.
g5 Qg7 29. Qxg7+ Kxg7 30. f5 Nb4 31. Rf4 Rae8 32. Kg2 Nbd3 33. Rh4 Rg8 34. f6+
Kf8 35. f7 Kxf7 36. Bh5+ Ke7 37. Bxe8 Kxe8 38. Rf1 Rxg5 39. Rxh7 Nxb2 40. Kh2
Nbd3 41. Nh5 Ne5 42. Ng7+ Rxg7 43. Rxg7 Nf3+ 44. Kg3 c6 45. Rh1 Kd8 46. Rhh7
Ne5 47. Kf4 Ned3+ 48. Kg5 Kc7 49. Kf6 Ne5 50. Re7 b5 51. Rxe5 dxe5 52. Kxe5 b4
53. dxc6 Kxc6 54. Rh6+ Be6 55. Nd5 e3 56. Nxe3 a4 57. Kd4 b3 58. axb3 axb3 59.
Kc3 Kd6 60. Rh4 Ke5 61. Rh5+ Kd6 62. Nd5 Bd7 63. Nf4 Ba4 64. Rd5+ Kc6 65. Nd3
1-0

[Event "25th Open"]
[Site "Cappelle la Grande FRA"]
[Date "2009.02.28"]
[Round "1"]
[White "Iskusnyh, S."]
[Black "Burmakin, V."]
[Result "1/2-1/2"]
[WhiteElo "2458"]
[BlackElo "2623"]
[PlyCount "131"]
[EventDate "2009.02.28"]

1. d4 c6 2. c4 Nf6 3. Nf3 d5 4. e3 Bf5 5. Nc3 e6 6. Nh4 Bg6 7. Be2 Nbd7 8. g3
Be7 9. O-O O-O 10. Nxg6 hxg6 11. Qb3 Qc7 12. Bd2 Nb6 13. c5 Nbd7 14. Qc2 e5 15.
b4 Rfe8 16. Rad1 Nf8 17. Bc1 e4 18. f4 exf3 19. Bxf3 N8h7 20. e4 dxe4 21. Nxe4
Nxe4 22. Bxe4 Nf6 23. Bg2 Rad8 24. Qf2 Rf8 25. Rd3 Nd5 26. a3 Qd7 27. Qf3 Bf6
28. Kh1 Qe6 29. g4 Qe7 30. Rdd1 Bh4 31. Bf4 Rfe8 32. Bd6 Qe6 33. Be5 Bg5 34.
Bg3 Ne3 35. Rde1 Qc4 36. h4 Nxf1 37. Rxe8+ Rxe8 38. Bxf1 Re3 39. Qxe3 Qxf1+ 40.
Qg1 Qh3+ 41. Qh2 Qxh2+ 42. Kxh2 Be3 43. d5 cxd5 44. Kg2 f6 45. Kf3 Bd4 46. Bb8
a6 47. Ba7 Bc3 48. Ke3 Kf7 49. Kd3 Be1 50. h5 gxh5 51. gxh5 Bg3 52. a4 Ke6 53.
b5 axb5 54. axb5 Bh2 55. c6 bxc6 56. bxc6 Bc7 57. Bc5 f5 58. Bd4 Kf7 59. Bf2 f4
60. Ke2 Kf6 61. Bd4+ Kg5 62. Kf3 Kxh5 63. Bxg7 Kg6 64. Bc3 Kf5 65. Bb2 Ke6 66.
Bc1 1/2-1/2

[Event "25th Open"]
[Site "Cappelle la Grande FRA"]
[Date "2009.02.28"]
[Round "1"]
[White "Gelashvili, T."]
[Black "Philippe, C."]
[Result "1-0"]
[WhiteElo "2622"]
[BlackElo "2458"]
[PlyCount "95"]
[EventDate "2009.02.28"]

1. Nf3 c5 2. e3 g6 3. c4 Bg7 4. a3 Nc6 5. d4 d6 6. d5 Ne5 7. Nxe5 dxe5 8. e4
Nf6 9. Nc3 O-O 10. Be2 Ne8 11. Be3 b6 12. b4 f5 13. f3 Nd6 14. O-O Bd7 15. bxc5
bxc5 16. Bxc5 Qc7 17. Bf2 Nxc4 18. d6 Nxd6 19. Nd5 Qd8 20. Bh4 Nc8 21. Rc1 Kh8
22. Qb3 Be6 23. Bc4 Qd6 24. Rfd1 Rb8 25. Nb4 Qb6+ 26. Bf2 Bxc4 27. Qxc4 Qb5 28.
Qe6 fxe4 29. Nc6 Qb3 30. Qg4 e3 31. Bg3 Rb5 32. Re1 Qxa3 33. Nxe5 Nd6 34. Nc4
Nxc4 35. Qxc4 Rb2 36. Kh1 Ra2 37. Qe6 Qb2 38. Rg1 Ra3 39. Qxe7 Rb3 40. Qxa7 Qd4
41. Qe7 Rd3 42. Rge1 h6 43. h3 Rd8 44. Rc6 Kh7 45. Qf7 g5 46. Re6 Rf8 47. Qg6+
Kh8 48. Rd6 1-0

[Event "25th Open"]
[Site "Cappelle la Grande FRA"]
[Date "2009.02.28"]
[Round "1"]
[White "Malakhatko, V."]
[Black "Vocaturo, D."]
[Result "1/2-1/2"]
[WhiteElo "2610"]
[BlackElo "2445"]
[PlyCount "93"]
[EventDate "2009.02.28"]

1. d4 Nf6 2. c4 g6 3. Nc3 Bg7 4. e4 d6 5. Bd3 O-O 6. Nge2 Nc6 7. O-O Nh5 8. Bc2
e5 9. d5 Ne7 10. a4 f5 11. exf5 gxf5 12. Ng3 Nf4 13. Nh5 Nxh5 14. Qxh5 Ng6 15.
Ra3 Qe7 16. Ne2 f4 17. Nc3 Rf6 18. Ne4 Rf5 19. Qd1 Bd7 20. c5 Raf8 21. cxd6
cxd6 22. f3 Rh5 23. Qe1 Rc8 24. Rc3 Bf8 25. g4 fxg3 26. hxg3 Qg7 27. Rxc8 Bxc8
28. g4 Nf4 29. Bxf4 exf4 30. Qc3 Qxc3 31. bxc3 Re5 32. Kf2 Be7 33. Rh1 Kg7 34.
c4 h6 35. Ke2 Bd7 36. Kd2 b6 37. Kc3 Be8 38. Kd4 h5 39. Rg1 Kf8 40. a5 Bg6 41.
axb6 axb6 42. Bd3 Bh4 43. Rg2 Bxe4 44. Bxe4 Bg3 45. gxh5 Rxh5 46. Kc3 Rh2 47.
Rxh2 1/2-1/2

[Event "25th Open"]
[Site "Cappelle la Grande FRA"]
[Date "2009.02.28"]
[Round "1"]
[White "Sulashvili, M."]
[Black "Drozdovskij, Y."]
[Result "1-0"]
[WhiteElo "2445"]
[BlackElo "2607"]
[PlyCount "79"]
[EventDate "2009.02.28"]

1. d4 Nf6 2. Nf3 d5 3. c4 e6 4. Nc3 dxc4 5. Qa4+ c6 6. Qxc4 b5 7. Qd3 Bb7 8. e4
b4 9. Na4 Nbd7 10. Bg5 h6 11. Bxf6 Qxf6 12. Be2 Nb6 13. Qc2 Nd7 14. O-O Be7 15.
Ba6 Bxa6 16. Qxc6 O-O 17. Qxa6 Qf4 18. Rfe1 Nf6 19. Qb7 Rfe8 20. Rac1 Rab8 21.
Qc7 Bd6 22. Qc6 Bf8 23. Qc7 Bd6 24. Qc2 Bf8 25. Qd2 Qd6 26. e5 Qa6 27. exf6
Qxa4 28. b3 Qa6 29. Ne5 Rbc8 30. fxg7 Bxg7 31. Qxb4 Rxc1 32. Rxc1 Qxa2 33. g3
Qb2 34. Rc7 Qb1+ 35. Kg2 Qe4+ 36. Nf3 a6 37. Qa4 Rd8 38. Qxa6 Rxd4 39. Qc8+ Bf8
40. Qe8 1-0

[Event "25th Open"]
[Site "Cappelle la Grande FRA"]
[Date "2009.02.28"]
[Round "1"]
[White "Mamedov, Nid"]
[Black "Dvirnyy, D."]
[Result "1-0"]
[WhiteElo "2607"]
[BlackElo "2444"]
[PlyCount "89"]
[EventDate "2009.02.28"]

1. e4 c5 2. Nf3 d6 3. d4 cxd4 4. Nxd4 Nf6 5. Nc3 g6 6. Be3 Bg7 7. f3 O-O 8. Qd2
Nc6 9. Bc4 Bd7 10. O-O-O Ne5 11. Bb3 Rc8 12. Kb1 a6 13. Bh6 Bxh6 14. Qxh6 Rxc3
15. bxc3 a5 16. a3 a4 17. Ba2 Qa5 18. Qc1 Rc8 19. Rhe1 Rxc3 20. Re3 Rc5 21. Qd2
Qc7 22. Kb2 d5 23. Rc3 Qb6+ 24. Ka1 dxe4 25. Rxc5 Qxc5 26. Qb4 b6 27. fxe4 Bg4
28. Re1 Qc7 29. Kb2 Bc8 30. Rd1 Ba6 31. Qxa4 Bc4 32. Bxc4 Nxc4+ 33. Ka2 Na5 34.
Re1 Kg7 35. Re2 Qxh2 36. Nb3 Qh5 37. Rd2 Nb7 38. Qd4 Qg4 39. Qxb6 Qxe4 40. Qb4
Qxb4 41. axb4 Nd6 42. Na5 Nfe4 43. Rd3 Kf6 44. c4 Ke6 45. c5 1-0

[Event "25th Open"]
[Site "Cappelle la Grande FRA"]
[Date "2009.02.28"]
[Round "1"]
[White "David, Alb"]
[Black "Spirin, O."]
[Result "1-0"]
[WhiteElo "2602"]
[BlackElo "2438"]
[PlyCount "97"]
[EventDate "2009.02.28"]

1. e4 c5 2. Nf3 d6 3. d4 cxd4 4. Nxd4 Nf6 5. Nc3 a6 6. Be2 e6 7. O-O Qc7 8. a4
Nc6 9. Kh1 Be7 10. f4 O-O 11. Be3 Re8 12. Bf3 Na5 13. Qe1 Nc4 14. Bc1 e5 15.
Nde2 Qc5 16. Qg3 Bf8 17. fxe5 Nxe5 18. Nf4 Nxf3 19. Qxf3 Be6 20. Be3 Qc4 21. h3
Nd7 22. Ncd5 Kh8 23. c3 Rac8 24. Bd4 Qc6 25. Qh5 Ne5 26. b3 Kg8 27. c4 Ng6 28.
a5 Nxf4 29. Rxf4 Bxd5 30. exd5 Qd7 31. Raf1 g6 32. Qg5 Qe7 33. Qg3 Rc7 34. R4f3
Rd7 35. Qg4 h5 36. Qg3 Bg7 37. Bf6 Bxf6 38. Rxf6 Qe5 39. Qf3 Ree7 40. b4 Qd4
41. c5 dxc5 42. d6 Re3 43. Qf2 Re4 44. Qa2 Qc4 45. Qd2 cxb4 46. Qh6 Re6 47. Rc1
Qe4 48. Rxe6 fxe6 49. Rc8+ 1-0

[Event "25th Open"]
[Site "Cappelle la Grande FRA"]
[Date "2009.02.28"]
[Round "1"]
[White "Rozentalis, E."]
[Black "Benitah, Y."]
[Result "1-0"]
[WhiteElo "2590"]
[BlackElo "2434"]
[PlyCount "93"]
[EventDate "2009.02.28"]

1. e4 c5 2. c3 d6 3. d4 Nf6 4. Bd3 g6 5. Ne2 Bg7 6. O-O O-O 7. f3 Nc6 8. Be3 d5
9. e5 Ne8 10. f4 Bh6 11. Qe1 c4 12. Bc2 Qb6 13. Qc1 Ng7 14. b3 cxb3 15. Bxb3
Be6 16. h3 Qa6 17. Ng3 Na5 18. Nd2 Rac8 19. Rf3 Rc7 20. Ndf1 Rfc8 21. Bd2 Nc4
22. Bxc4 Rxc4 23. f5 Bxd2 24. Nxd2 Nxf5 25. Nxf5 Bxf5 26. Nxc4 Rxc4 27. Qg5 Be4
28. Rf2 Qe6 29. Qg3 Qc8 30. Qf4 Bf5 31. Qg5 Rxc3 32. Qxe7 Rc1+ 33. Rxc1 Qxc1+
34. Kh2 Qe3 35. Qh4 b5 36. Qg3 Qe1 37. a3 a5 38. Rb2 Qf1 39. Rb3 Kg7 40. Rf3
Qb1 41. Qg5 b4 42. Qf6+ Kg8 43. Qd8+ Kg7 44. Qxa5 b3 45. Qb4 b2 46. Rf2 Bc2 47.
e6 1-0

[Event "25th Open"]
[Site "Cappelle la Grande FRA"]
[Date "2009.02.28"]
[Round "1"]
[White "Agopov, M."]
[Black "Corrales Jimenez, F."]
[Result "1-0"]
[WhiteElo "2433"]
[BlackElo "2586"]
[PlyCount "155"]
[EventDate "2009.02.28"]

1. e4 c5 2. Nf3 Nc6 3. d4 cxd4 4. Nxd4 Nf6 5. Nc3 d6 6. Bg5 Bd7 7. Qd2 Rc8 8.
O-O-O Nxd4 9. Qxd4 Rxc3 10. Qxc3 Nxe4 11. Qe3 Nxg5 12. Qxg5 g6 13. Bb5 h5 14.
Kb1 Bh6 15. Bxd7+ Qxd7 16. Qh4 O-O 17. Rhe1 e6 18. Qd4 d5 19. Qxa7 Rc8 20. Rd3
Bg7 21. Qb6 Rc6 22. Qb5 Qc7 23. c3 Kh7 24. Rf3 Rd6 25. h3 Rd7 26. g4 hxg4 27.
hxg4 Kg8 28. Rh1 Rd8 29. a3 Qe5 30. Re3 Qf4 31. Qb6 Rf8 32. Reh3 Qxg4 33. Ka1
Qf4 34. Rh4 Qf3 35. R4h2 Qf4 36. Qxb7 d4 37. cxd4 Bxd4 38. Qb4 Qe5 39. f4 Qe3
40. Rh3 Qf2 41. Rh8+ Bxh8 42. Rxh8+ Kxh8 43. Qxf8+ Kh7 44. Qxf7+ Kh6 45. Qf6
Kh7 46. Ka2 Qd2 47. Qe5 Qd7 48. Qe4 Kh6 49. a4 e5 50. fxe5 Qe6+ 51. Ka3 g5 52.
a5 g4 53. Qf4+ Kh5 54. b4 Qd5 55. Qf5+ Kh4 56. Qf6+ Kh3 57. Qf1+ Kh4 58. Qf6+
Kh3 59. e6 Qd3+ 60. Ka4 Qd1+ 61. Ka3 Qd3+ 62. Kb2 Qd2+ 63. Kb3 Qd5+ 64. Kc3
Qc6+ 65. Kb2 Qe4 66. e7 Qxb4+ 67. Kc2 Qa4+ 68. Kd3 Qb5+ 69. Ke3 Kg2 70. Qf2+
Kh3 71. Qf6 Kg2 72. Qe6 Qc5+ 73. Kf4 Qc1+ 74. Kxg4 Qd1+ 75. Kg5 Qd2+ 76. Kg6
Qd3+ 77. Kf7 Qh7+ 78. Kf8 1-0

[Event "25th Open"]
[Site "Cappelle la Grande FRA"]
[Date "2009.02.28"]
[Round "1"]
[White "Arutinian, D."]
[Black "Guidarelli, L."]
[Result "1/2-1/2"]
[WhiteElo "2586"]
[BlackElo "2433"]
[PlyCount "47"]
[EventDate "2009.02.28"]

1. d4 Nf6 2. Nf3 c5 3. d5 b5 4. c4 g6 5. cxb5 a6 6. b6 d6 7. Nc3 Bg7 8. e4 O-O
9. Be2 Nbd7 10. Nd2 Nxb6 11. a4 Rb8 12. O-O Nfd7 13. Qc2 e6 14. a5 Na8 15. Nc4
Ne5 16. Rd1 Nxc4 17. Bxc4 Nc7 18. dxe6 Bxe6 19. Na4 Bxc4 20. Qxc4 Rb4 21. Qc2
Nb5 22. Bd2 Rd4 23. Nb6 Qh4 24. Re1 1/2-1/2

[Event "25th Open"]
[Site "Cappelle la Grande FRA"]
[Date "2009.02.28"]
[Round "1"]
[White "Foisor, O."]
[Black "Radulski, J."]
[Result "0-1"]
[WhiteElo "2428"]
[BlackElo "2580"]
[PlyCount "56"]
[EventDate "2009.02.28"]

1. c4 e6 2. Nf3 f5 3. g3 Nf6 4. Bg2 d5 5. O-O Be7 6. b3 O-O 7. Bb2 a5 8. Nc3 c6
9. e3 Na6 10. d4 b6 11. Ne2 Bd6 12. Nf4 Qe7 13. Qe2 Bb7 14. Rfd1 Ne4 15. Ne5
Nc7 16. Rac1 c5 17. Nh5 a4 18. g4 axb3 19. axb3 Ra2 20. Nd3 fxg4 21. dxc5 bxc5
22. Bxe4 dxe4 23. Qxg4 exd3 24. Bxg7 Bf3 25. Bxf8+ Bxg4 26. Bxe7 Bxe7 27. Rxd3
Bxh5 28. Rd7 Bh4 0-1

[Event "25th Open"]
[Site "Cappelle la Grande FRA"]
[Date "2009.02.28"]
[Round "1"]
[White "Kononenko, Dmitry1"]
[Black "Krivonosov, O."]
[Result "1/2-1/2"]
[WhiteElo "2574"]
[BlackElo "2426"]
[PlyCount "48"]
[EventDate "2009.02.28"]

1. e4 e5 2. Nf3 Nc6 3. Bb5 Nf6 4. O-O Nxe4 5. d4 Nd6 6. Bxc6 dxc6 7. dxe5 Nf5
8. Qxd8+ Kxd8 9. Nc3 Ke8 10. b3 Be7 11. Bb2 Be6 12. h3 h5 13. Ne4 Rd8 14. Rad1
h4 15. Rxd8+ Bxd8 16. Rd1 Be7 17. Bc1 Rh5 18. c4 b6 19. Bg5 a5 20. Kh2 Bxg5 21.
Nexg5 c5 22. Ne4 Nd4 23. Nxd4 cxd4 24. Rxd4 Rxe5 1/2-1/2

[Event "25th Open"]
[Site "Cappelle la Grande FRA"]
[Date "2009.03.01"]
[Round "2"]
[White "Miroshnichenko, E."]
[Black "Maiorov, N1."]
[Result "1-0"]
[WhiteElo "2667"]
[BlackElo "2524"]
[PlyCount "99"]
[EventDate "2009.02.28"]

1. g3 Nf6 2. Bg2 d5 3. Nf3 c6 4. c4 dxc4 5. O-O Nbd7 6. Qc2 Nb6 7. a4 a5 8. Na3
Qd5 9. Ne1 Qf5 10. e4 Qh5 11. d3 e5 12. dxc4 Nbd7 13. f3 Nc5 14. Be3 Be7 15.
Nd3 Nfd7 16. Nf2 O-O 17. f4 f6 18. f5 Na6 19. g4 Qf7 20. Qe2 Bc5 21. Nc2 Bxe3
22. Nxe3 Ndc5 23. Ra3 g5 24. fxg6 Qxg6 25. Nf5 Kh8 26. Rh3 Ne6 27. Rh6 Nf4 28.
Qe3 Qg8 29. h4 Bxf5 30. exf5 Qg7 31. g5 fxg5 32. Ng4 gxh4 33. Rxf4 exf4 34.
Qxf4 Rg8 35. Rxh4 Rad8 36. f6 Rd1+ 37. Kf2 Qd7 38. Be4 Qd4+ 39. Ke2 Rd2+ 40.
Kf3 Rd3+ 41. Bxd3 Qxd3+ 42. Ne3 Rg1 43. Kf2 Qb1 44. f7 Qe1+ 45. Kf3 Rf1+ 46.
Nxf1 Qxf1+ 47. Kg4 Qd1+ 48. Kg5 Qg1+ 49. Rg4 Qc5+ 50. Kf6 1-0

[Event "25th Open"]
[Site "Cappelle la Grande FRA"]
[Date "2009.03.01"]
[Round "2"]
[White "Ulibin, M."]
[Black "Rozentalis, E."]
[Result "1/2-1/2"]
[WhiteElo "2511"]
[BlackElo "2590"]
[PlyCount "105"]
[EventDate "2009.02.28"]

1. d4 Nf6 2. c4 e6 3. g3 Bb4+ 4. Bd2 c5 5. Bxb4 cxb4 6. Bg2 O-O 7. e4 d6 8. Ne2
e5 9. O-O Re8 10. a3 bxa3 11. Nxa3 exd4 12. Qxd4 Nc6 13. Qd3 Bg4 14. Nf4 Qb6
15. Nb5 Rad8 16. Qa3 Ne5 17. Qxa7 Qxa7 18. Rxa7 Nf3+ 19. Bxf3 Bxf3 20. Nd4 Bxe4
21. f3 Bc6 22. h4 h6 23. h5 Rc8 24. b3 Ra8 25. Rfa1 Re1+ 26. Rxe1 Rxa7 27. Kf2
Ra2+ 28. Re2 Rxe2+ 29. Kxe2 Bd7 30. g4 Kf8 31. Kd3 Ke7 32. Kc3 Kd8 33. Kb4 b6
34. Nf5 Bc6 35. Nxd6 Bxf3 36. Nxf7+ Kc7 37. Ne6+ Kb7 38. Nxg7 Bxg4 39. Nxh6
Nxh5 40. Ne8 Be6 41. Nd6+ Kc6 42. Nb5 Nf4 43. Nd4+ Kc7 44. Kb5 Kb7 45. Nhf5
Bxf5 46. Nxf5 Ne6 47. Nd6+ Kc7 48. b4 Kxd6 49. Kxb6 Kd7 50. c5 Kc8 51. c6 Nc7
52. b5 Nxb5 53. Kxb5 1/2-1/2

[Event "25th Open"]
[Site "Cappelle la Grande FRA"]
[Date "2009.03.01"]
[Round "2"]
[White "Todorov, T."]
[Black "Gharamian, T."]
[Result "1/2-1/2"]
[WhiteElo "2163"]
[BlackElo "2581"]
[PlyCount "38"]
[EventDate "2009.02.28"]

1. e4 c5 2. Nf3 e6 3. b3 b6 4. d4 cxd4 5. Nxd4 Bc5 6. c3 Bb7 7. Bd3 Ne7 8. O-O
Nbc6 9. Nb5 a6 10. b4 axb5 11. bxc5 bxc5 12. Bxb5 Ba6 13. Na3 O-O 14. Qd6 Qa5
15. Rb1 Qxc3 16. Bb2 Qa5 17. Bxa6 Rxa6 18. Nc4 Qxa2 19. Qxc5 Raa8 1/2-1/2

[Event "25th Open"]
[Site "Cappelle la Grande FRA"]
[Date "2009.03.01"]
[Round "2"]
[White "Radulski, J."]
[Black "Gozzoli, Y."]
[Result "1-0"]
[WhiteElo "2580"]
[BlackElo "2503"]
[PlyCount "95"]
[EventDate "2009.02.28"]

1. e4 e5 2. Nf3 Nc6 3. Bb5 a6 4. Ba4 Nf6 5. O-O Be7 6. Bxc6 dxc6 7. Nc3 Nd7 8.
d4 exd4 9. Qxd4 O-O 10. Rd1 Bc5 11. Qc4 b5 12. Qd3 Qe7 13. Be3 f6 14. a4 Rb8
15. axb5 axb5 16. Nd4 Bxd4 17. Qxd4 Ne5 18. Qa7 Rb7 19. Qc5 Qxc5 20. Bxc5 Re8
21. f3 Kf7 22. Bd4 b4 23. Na4 Rb5 24. Nc5 Rd8 25. Bf2 Rxd1+ 26. Rxd1 Ra5 27. h3
Ke7 28. b3 Nd7 29. Nd3 c5 30. Bg3 c6 31. e5 fxe5 32. Re1 Ba6 33. Bxe5 Nxe5 34.
Nxe5 Ra2 35. Nc4+ Kd7 36. Ne3 c4 37. bxc4 Kd6 38. Rd1+ Kc5 39. Rd7 g5 40. Rxh7
Bxc4 41. h4 Bg8 42. Rg7 Kd4 43. Rxg8 Kxe3 44. hxg5 Rxc2 45. g6 Rc1+ 46. Kh2 Kf2
47. g7 Rg1 48. g4 1-0

[Event "25th Open"]
[Site "Cappelle la Grande FRA"]
[Date "2009.03.01"]
[Round "2"]
[White "Solodovnichenko, Y."]
[Black "Heberla, B."]
[Result "1/2-1/2"]
[WhiteElo "2571"]
[BlackElo "2500"]
[PlyCount "75"]
[EventDate "2009.02.28"]

1. e4 e5 2. Nf3 Nf6 3. Nxe5 d6 4. Nf3 Nxe4 5. d4 d5 6. Bd3 Be7 7. O-O Nd6 8.
Bf4 Nd7 9. Re1 Nf8 10. Nc3 c6 11. h3 Ng6 12. Bh2 O-O 13. Ne5 Nf5 14. Ne2 Bd6
15. c3 Bxe5 16. dxe5 f6 17. e6 Bxe6 18. Ng3 Nxg3 19. Rxe6 Ne4 20. Bxe4 dxe4 21.
Rxe4 Qxd1+ 22. Rxd1 Rad8 23. Red4 Rxd4 24. Rxd4 Re8 25. Kf1 Kf7 26. Rd7+ Re7
27. Rxe7+ Kxe7 28. Bb8 a6 29. Ke2 Ke6 30. Ke3 Ne5 31. b3 Kd5 32. c4+ Ke6 33.
Ba7 Nd7 34. Bd4 g6 35. g4 Kd6 36. f3 Ke7 37. Ke4 Ke6 38. Ke3 1/2-1/2

[Event "25th Open"]
[Site "Cappelle la Grande FRA"]
[Date "2009.03.01"]
[Round "2"]
[White "Simutowe, A."]
[Black "Degraeve, JM."]
[Result "0-1"]
[WhiteElo "2485"]
[BlackElo "2553"]
[PlyCount "104"]
[EventDate "2009.02.28"]

1. e4 Nf6 2. e5 Nd5 3. d4 d6 4. Nf3 dxe5 5. Nxe5 c6 6. Be2 Bf5 7. O-O Nd7 8.
Nf3 e6 9. a3 Bd6 10. c4 Nf4 11. Bxf4 Bxf4 12. d5 cxd5 13. cxd5 O-O 14. dxe6
Bxe6 15. Nd4 Bd5 16. Nc3 Bxg2 17. Kxg2 Qg5+ 18. Kh1 Qh6 19. Bh5 Nf6 20. Qf3 Be5
21. Rad1 Qxh5 22. Qxh5 Nxh5 23. Nde2 Rfd8 24. Kg2 g6 25. h3 Kf8 26. Kf3 Ng7 27.
Ke4 Re8 28. Kd3 Ne6 29. Kc2 Rac8 30. Kb1 Rcd8 31. Kc2 Rxd1 32. Rxd1 Rd8 33. Re1
Rc8 34. Rd1 Rd8 35. Re1 Ng5 36. Ng1 Bxc3 37. Kxc3 Re8 38. Rf1 Re4 39. f4 Nxh3
40. Nxh3 Re3+ 41. Kc4 Rxh3 42. Rd1 Rh4 43. Rd7 Rxf4+ 44. Kc3 h5 45. Rxb7 h4 46.
Rxa7 h3 47. Rd7 g5 48. Rd1 g4 49. Rh1 Rf2 50. a4 h2 51. a5 g3 52. a6 g2 0-1

[Event "25th Open"]
[Site "Cappelle la Grande FRA"]
[Date "2009.03.01"]
[Round "2"]
[White "Akesson, R."]
[Black "Sokolov, And1"]
[Result "1/2-1/2"]
[WhiteElo "2479"]
[BlackElo "2552"]
[PlyCount "52"]
[EventDate "2009.02.28"]

1. d4 Nf6 2. c4 e6 3. Nf3 b6 4. g3 Ba6 5. b3 Bb4+ 6. Bd2 Be7 7. Bg2 c6 8. Bc3
d5 9. Ne5 Nfd7 10. Nxd7 Nxd7 11. Nd2 O-O 12. O-O f5 13. a4 Bd6 14. b4 Qe7 15.
Qb3 Nf6 16. b5 Bb7 17. a5 cxb5 18. Qxb5 dxc4 19. Bxb7 Qxb7 20. Nxc4 Bc7 21.
axb6 axb6 22. Rfb1 Qd5 23. Qxd5 Nxd5 24. Bd2 Rxa1 25. Rxa1 Rc8 26. Ne3 Nxe3
1/2-1/2

[Event "25th Open"]
[Site "Cappelle la Grande FRA"]
[Date "2009.03.01"]
[Round "2"]
[White "Timoshenko, G."]
[Black "Sulashvili, M."]
[Result "1/2-1/2"]
[WhiteElo "2551"]
[BlackElo "2445"]
[PlyCount "26"]
[EventDate "2009.02.28"]

1. e4 c6 2. d4 d5 3. e5 Bf5 4. Nf3 e6 5. Be2 c5 6. O-O Nc6 7. Be3 cxd4 8. Nxd4
Nge7 9. c4 Nxd4 10. Bxd4 dxc4 11. Bxc4 Nc6 12. Bb5 Be7 13. Bxc6+ bxc6 1/2-1/2

[Event "25th Open"]
[Site "Cappelle la Grande FRA"]
[Date "2009.03.02"]
[Round "3"]
[White "Zakhartsov, Vi"]
[Black "Radulski, J."]
[Result "1/2-1/2"]
[WhiteElo "2529"]
[BlackElo "2580"]
[PlyCount "31"]
[EventDate "2009.02.28"]

1. d4 d5 2. c4 e6 3. Nc3 Be7 4. Nf3 Nf6 5. Bg5 Nbd7 6. e3 h6 7. Bh4 O-O 8. Rc1
c5 9. cxd5 Nxd5 10. Bxe7 Nxe7 11. Bb5 cxd4 12. Nxd4 Nf6 13. O-O a6 14. Be2 Bd7
15. Bf3 Rb8 16. Nb3 1/2-1/2

[Event "25th Open"]
[Site "Cappelle la Grande FRA"]
[Date "2009.03.02"]
[Round "3"]
[White "Jojua, D."]
[Black "Dvoirys, S."]
[Result "1/2-1/2"]
[WhiteElo "2484"]
[BlackElo "2547"]
[PlyCount "27"]
[EventDate "2009.02.28"]

1. d4 Nf6 2. c4 g6 3. Nc3 d5 4. Bg5 Ne4 5. Bf4 Nxc3 6. bxc3 Bg7 7. e3 c5 8. Nf3
Nc6 9. cxd5 Qxd5 10. Be2 cxd4 11. cxd4 O-O 12. O-O b6 13. Rc1 Bb7 14. Qa4
1/2-1/2

[Event "25th Open"]
[Site "Cappelle la Grande FRA"]
[Date "2009.03.02"]
[Round "3"]
[White "Kraai, J."]
[Black "Burmakin, V."]
[Result "1/2-1/2"]
[WhiteElo "2506"]
[BlackElo "2623"]
[PlyCount "54"]
[EventDate "2009.02.28"]

1. Nf3 d5 2. d4 c6 3. c4 Nf6 4. e3 g6 5. Bd3 Bg7 6. O-O O-O 7. Nc3 a6 8. Bd2
Nbd7 9. cxd5 cxd5 10. Qb3 e6 11. Rfc1 b6 12. Rc2 Bb7 13. Na4 Ra7 14. Bb4 Re8
15. Bd6 b5 16. Nc5 Ne4 17. Nxb7 Rxb7 18. Bxe4 dxe4 19. Nd2 e5 20. dxe5 Nxe5 21.
Bxe5 Bxe5 22. Nxe4 Bxb2 23. Qxb2 Rxe4 24. Rac1 Re8 25. Rd2 Qb6 26. h4 h5 27.
Rd5 b4 1/2-1/2

[Event "25th Open"]
[Site "Cappelle la Grande FRA"]
[Date "2009.03.02"]
[Round "3"]
[White "Mamedov, Nid"]
[Black "Le Roux, JP."]
[Result "1/2-1/2"]
[WhiteElo "2607"]
[BlackElo "2491"]
[PlyCount "120"]
[EventDate "2009.02.28"]

1. e4 c6 2. d4 d5 3. e5 Bf5 4. Nf3 e6 5. Nbd2 Nd7 6. Nb3 Bg6 7. Be2 Ne7 8. O-O
Nf5 9. Bd2 Be7 10. g4 Nh4 11. Nxh4 Bxh4 12. f4 f5 13. Bd3 Qe7 14. Na5 O-O-O 15.
a4 Nb6 16. Ra3 fxg4 17. Rb3 Bf5 18. Bb4 Qc7 19. Bc5 Be7 20. Nxb7 Qxb7 21. a5
Bxc5 22. dxc5 Qe7 23. cxb6 Qc5+ 24. Kg2 axb6 25. axb6 Kb7 26. Bxf5 exf5 27. Qd3
g6 28. Ra1 Ra8 29. Ra7+ Rxa7 30. bxa7+ Ka8 31. e6 Re8 32. c3 d4 33. c4 Qd6 34.
Rb8+ Rxb8 35. axb8=Q+ Kxb8 36. Qe2 d3 37. Qe3 d2 38. e7 Qxe7 39. Qxe7 d1=Q 40.
Qe8+ Kc7 41. Qe7+ Qd7 42. Qe5+ Kb7 43. Qe3 Qd6 44. b3 h6 45. Qc3 Qe7 46. Kf2 g5
47. fxg5 hxg5 48. Qd4 Qc7 49. Kg2 c5 50. Qd2 f4 51. Kg1 Qc6 52. Qd8 Qe6 53. Kf1
g3 54. hxg3 fxg3 55. Kg2 Qe4+ 56. Kxg3 Qf4+ 57. Kg2 Qg4+ 58. Kf2 Qf4+ 59. Kg2
Qe4+ 60. Kg3 Qf4+ 1/2-1/2